[Event "1. Bundesliga 2013/2014"]
[Site "Jenbach, Wolfsberg, St. Veit/Glan"]
[Date "2014.01.30"]
[Round "4"]
[Board "5"]
[White "Atlas, Valery"]
[Black "Mazi, Leon"]
[Result "1-0"]
[WhiteElo "2444"]
[BlackElo "2351"]
[PlyCount "113"]
[EventDate "2013.12.06"]
[EventType "team"]
[EventRounds "11"]
[EventCountry "AUT"]
[WhiteTeam "SK Hohenems"]
[BlackTeam "SV Jacques Lemans St. Veit"]

1. e4 c5 2. Nf3 d6 3. d4 cxd4 4. Nxd4 Nf6 5. Nc3 a6 6. g3 e6 7. Bg2 Be7 8. O-O
O-O 9. a4 Nc6 10. Be3 Qc7 11. Qe2 Rb8 12. Rad1 Re8 13. Kh1 Na5 14. g4 b6 15. g5
Nd7 16. f4 Nc4 17. Bc1 Bf8 18. b3 Na5 19. Rf3 Bb7 20. Rh3 g6 21. Qf2 Bg7 22.
Ba3 Rbd8 23. Ndb5 axb5 24. Nxb5 Qb8 25. Bxd6 Nf8 26. Rhd3 Qc8 27. Qxb6 Nc6 28.
Nc7 e5 29. Nxe8 Rxe8 30. f5 gxf5 31. exf5 e4 32. Re3 Ne5 33. f6 Ng4 34. fxg7
Nd7 35. Qd4 Qxc2 36. Rf1 Nxe3 37. Qxe3 Bd5 38. Rc1 Qxb3 39. Qxb3 Bxb3 40. a5
Kxg7 41. a6 Bd5 42. a7 Nb6 43. Bc5 Na8 44. h4 f5 45. Rd1 Be6 46. Rd6 Kf7 47. h5
Rc8 48. Be3 Ke7 49. Rd1 Bf7 50. g6 hxg6 51. h6 Bg8 52. Bf1 Bh7 53. Bb5 Rc7 54.
Rc1 Kd8 55. Rd1+ Ke7 56. Rc1 Kd8 57. Bc6 1-0

[Event "1. Bundesliga 2013/2014"]
[Site "Jenbach, Wolfsberg, St. Veit/Glan"]
[Date "2014.01.30"]
[Round "4"]
[Board "6"]
[White "Genser, Harald"]
[Black "Kessler, Luca"]
[Result "1/2-1/2"]
[WhiteElo "2294"]
[BlackElo "2247"]
[PlyCount "104"]
[EventDate "2013.12.06"]
[EventType "team"]
[EventRounds "11"]
[EventCountry "AUT"]
[WhiteTeam "SV Jacques Lemans St. Veit"]
[BlackTeam "SK Hohenems"]

1. d4 d6 2. Nf3 Nf6 3. c4 Nbd7 4. Nc3 c6 5. e4 e5 6. Be2 Be7 7. O-O O-O 8. Be3
Re8 9. d5 c5 10. Ne1 a6 11. a3 Qc7 12. Rc1 Bf8 13. Nd3 Rb8 14. f3 g6 15. Qd2
Bg7 16. Rc2 b6 17. Rb1 Bb7 18. b4 Ba8 19. Na4 h5 20. Nc1 Kh7 21. h3 Rf8 22. Bd3
Rh8 23. bxc5 bxc5 24. Rcb2 Rxb2 25. Rxb2 Rb8 26. Rxb8 Qxb8 27. g4 Bf8 28. Qb2
Qxb2 29. Nxb2 Be7 30. Nb3 Kg7 31. Na5 Bd8 32. Bd2 Nh7 33. Kg2 h4 34. Bc2 Bg5
35. Bc3 Bc1 36. Ba4 Nb6 37. Bc2 Kf8 38. Bd3 Ke7 39. Nb3 Bxb2 40. Bxb2 g5 41.
Bc1 f6 42. Bd2 Kd7 43. Kf2 Nf8 44. Na5 Ng6 45. Bf1 Kc7 46. Ke1 Bb7 47. Kd1 Bc8
48. Kc1 Bd7 49. Be1 Nf4 50. Bd2 Ng6 51. Be1 Nf4 52. Bd2 Ng6 1/2-1/2

[Event "1. Bundesliga 2013/2014"]
[Site "Jenbach, Wolfsberg, St. Veit/Glan"]
[Date "2014.01.31"]
[Round "5"]
[Board "1"]
[White "Kuljasevic, Davorin"]
[Black "Baumegger, Siegfried"]
[Result "1/2-1/2"]
[WhiteElo "2567"]
[BlackElo "2476"]
[PlyCount "89"]
[EventDate "2013.12.06"]
[EventType "team"]
[EventRounds "11"]
[EventCountry "AUT"]
[WhiteTeam "SV Jacques Lemans St. Veit"]
[BlackTeam "tschaturanga"]

1. d4 Nf6 2. c4 e6 3. Nc3 Bb4 4. Qc2 d5 5. cxd5 exd5 6. Bf4 O-O 7. e3 c5 8.
dxc5 Nc6 9. Nf3 Bxc5 10. Be2 Qe7 11. O-O Rd8 12. Rfd1 Be6 13. Na4 Bd6 14. Bxd6
Rxd6 15. Nc3 Rc8 16. Qa4 Rdd8 17. Nd4 Qc5 18. Nxc6 bxc6 19. Rac1 Qb6 20. Qa3
Qb8 21. h3 c5 22. Nb5 a6 23. Qxa6 Qe5 24. Qa3 Ne4 25. Bf3 Ng5 26. Bg4 f5 27. f4
Qb8 28. Be2 Ne4 29. Qa7 Ng3 30. Bd3 c4 31. Qxb8 Rxb8 32. Nd4 cxd3 33. Nxe6 Ne2+
34. Kf2 Rd6 35. Rb1 Rc8 36. Nd4 Nxd4 37. exd4 Rc2+ 38. Kf3 Re6 39. Rxd3 Ree2
40. Rg1 Rxb2 41. a3 Rf2+ 42. Kg3 Ra2 43. Re3 Rfd2 44. Re5 Rxa3+ 45. Kh2 1/2-1/2

[Event "1. Bundesliga 2013/2014"]
[Site "Jenbach, Wolfsberg, St. Veit/Glan"]
[Date "2014.01.31"]
[Round "5"]
[Board "3"]
[White "Bosiocic, Marin"]
[Black "Sadilek, Peter"]
[Result "1-0"]
[WhiteElo "2554"]
[BlackElo "2240"]
[PlyCount "159"]
[EventDate "2013.12.06"]
[EventType "team"]
[EventRounds "11"]
[EventCountry "AUT"]
[WhiteTeam "SV Jacques Lemans St. Veit"]
[BlackTeam "tschaturanga"]

1. d4 Nf6 2. Bg5 d5 3. e3 Ne4 4. Bf4 c5 5. Bd3 Nf6 6. Nc3 g6 7. Nb5 Na6 8. dxc5
Bg7 9. c3 O-O 10. b4 Nh5 11. Ne2 Bd7 12. a4 e5 13. Bg3 b6 14. cxb6 axb6 15. O-O
e4 16. Bb1 Nxg3 17. hxg3 Nxb4 18. Nbd4 Na6 19. Bc2 Bg4 20. Qd2 Qd6 21. Nb5 Qc5
22. Nf4 Rfd8 23. Bb3 Be6 24. Rad1 Nc7 25. Nxc7 Qxc7 26. Bxd5 Bxd5 27. Nxd5 Qc5
28. Qa2 b5 29. a5 Bxc3 30. Nxc3 Qxc3 31. Rxd8+ Rxd8 32. Rb1 Rd2 33. Qa1 Qxa1
34. Rxa1 b4 35. Rb1 Ra2 36. Rxb4 Rxa5 37. Rxe4 Ra1+ 38. Kh2 Ra2 39. Rf4 Kg7 40.
g4 h6 41. Kg3 Rb2 42. Re4 Ra2 43. Re5 Kf6 44. f4 Ra3 45. Kf3 g5 46. g3 Ra1 47.
Rd5 Ra3 48. Rd6+ Kg7 49. Ke2 Rb3 50. Rd3 Rb4 51. Kf3 Ra4 52. e4 Ra1 53. e5 Re1
54. Re3 Rf1+ 55. Ke4 Kg6 56. Rd3 Re1+ 57. Kf3 Kg7 58. Rd4 Kg6 59. Kf2 Ra1 60.
f5+ Kg7 61. Rd7 Ra2+ 62. Ke3 Ra3+ 63. Ke4 Ra4+ 64. Kd5 Ra5+ 65. Kd6 Ra6+ 66.
Kc7 Kg8 67. f6 Ra5 68. Kd6 Ra6+ 69. Kd5 Ra5+ 70. Ke4 Ra1 71. Rd8+ Kh7 72. Rf8
Ra7 73. Kf5 Rb7 74. Re8 Rb3 75. e6 Rf3+ 76. Ke5 fxe6 77. Re7+ Kg8 78. Kxe6 Rf2
79. Re8+ Kh7 80. f7 1-0

[Event "1. Bundesliga 2013/2014"]
[Site "Jenbach, Wolfsberg, St. Veit/Glan"]
[Date "2014.01.31"]
[Round "5"]
[Board "4"]
[White "Wukits, Rene"]
[Black "Rogic, Davor"]
[Result "0-1"]
[WhiteElo "2267"]
[BlackElo "2560"]
[PlyCount "64"]
[EventDate "2013.12.06"]
[EventType "team"]
[EventRounds "11"]
[EventCountry "AUT"]
[WhiteTeam "tschaturanga"]
[BlackTeam "SV Jacques Lemans St. Veit"]

1. d4 d5 2. c4 c6 3. Nf3 Nf6 4. Nc3 e6 5. Bg5 Nbd7 6. e3 Qa5 7. cxd5 Nxd5 8.
Qd2 Bb4 9. Rc1 b6 10. Bd3 Nxc3 11. bxc3 Ba3 12. Rb1 Ba6 13. O-O O-O 14. e4 Rfe8
15. Rfe1 Rac8 16. Re3 Bf8 17. Bf4 c5 18. Bxa6 Qxa6 19. Ne5 cxd4 20. cxd4 Red8
21. Rd1 Qa4 22. Rd3 Rc2 23. Qe3 Rxa2 24. Qf3 Nxe5 25. Bxe5 Ra1 26. d5 Rxd1+ 27.
Rxd1 Qc2 28. h4 a5 29. h5 h6 30. Bf4 exd5 31. exd5 a4 32. Qg4 a3 0-1

[Event "1. Bundesliga 2013/2014"]
[Site "Jenbach, Wolfsberg, St. Veit/Glan"]
[Date "2014.01.31"]
[Round "5"]
[Board "5"]
[White "Mazi, Leon"]
[Black "Kreindl, Helmut"]
[Result "1-0"]
[WhiteElo "2351"]
[BlackElo "2208"]
[PlyCount "109"]
[EventDate "2013.12.06"]
[EventType "team"]
[EventRounds "11"]
[EventCountry "AUT"]
[WhiteTeam "SV Jacques Lemans St. Veit"]
[BlackTeam "tschaturanga"]

1. e4 d5 2. exd5 Qxd5 3. Nc3 Qd6 4. d4 Nf6 5. g3 Bg4 6. Be2 Bxe2 7. Qxe2 c6 8.
Nf3 e6 9. Bf4 Qd8 10. O-O-O Be7 11. Kb1 O-O 12. Rhg1 Nbd7 13. g4 Nd5 14. Bd2
Nxc3+ 15. Bxc3 b5 16. g5 b4 17. Bd2 Re8 18. h4 Bf8 19. h5 g6 20. Rh1 Nb6 21.
Rh4 Nd5 22. Rdh1 Bg7 23. Ne5 Ne7 24. hxg6 hxg6 25. Qf3 Nf5 26. Qh3 Nxh4 27.
Qxh4 c5 28. Be3 Qd5 29. Ng4 Red8 30. Nf6+ Bxf6 31. Qh7+ Kf8 32. gxf6 Ke8 33.
dxc5 Kd7 34. Qxf7+ Kc6 35. Re1 Qf5 36. Bf4 e5 37. Be3 Rd7 38. Qc4 a5 39. a4
Qxf6 40. Rg1 Kc7 41. Qe4 Ra6 42. f4 Qf5 43. Qc4 Qe6 44. Qb5 Rf7 45. fxe5 Ra8
46. Rd1 Qc6 47. Qc4 Rd7 48. Rd6 Rxd6 49. cxd6+ Kb7 50. Qf7+ Ka6 51. d7 Rd8 52.
e6 b3 53. cxb3 Qe4+ 54. Ka2 Qd5 55. Qf6 1-0

[Event "1. Bundesliga 2013/2014"]
[Site "Jenbach, Wolfsberg, St. Veit/Glan"]
[Date "2014.01.31"]
[Round "5"]
[Board "6"]
[White "Leitner, Gerald"]
[Black "Kuess, Mario"]
[Result "1-0"]
[WhiteElo "2199"]
[BlackElo "2061"]
[PlyCount "119"]
[EventDate "2013.12.06"]
[EventType "team"]
[EventRounds "11"]
[EventCountry "AUT"]
[WhiteTeam "tschaturanga"]
[BlackTeam "SV Jacques Lemans St. Veit"]

1. Nf3 f5 2. c4 Nf6 3. d4 e6 4. g3 d5 5. Bg2 c6 6. O-O Bd6 7. b3 Qe7 8. Bb2 b6
9. Qc2 Bb7 10. Ne5 O-O 11. Nd2 Nbd7 12. cxd5 cxd5 13. Rfc1 Rac8 14. Qd1 Ne4 15.
Nd3 Qg5 16. Nf3 Qh6 17. Rxc8 Rxc8 18. Rc1 Rxc1 19. Bxc1 Qf6 20. Qc2 Qe7 21. Bf4
Bxf4 22. Nxf4 Qd6 23. Bf1 g5 24. Nd3 Qc6 25. Qxc6 Bxc6 26. Nb4 Bb7 27. e3 Nd6
28. Nxg5 Nf8 29. f3 h6 30. Nh3 Kf7 31. Kf2 a5 32. Nd3 Nd7 33. Ne5+ Nxe5 34.
dxe5 Ne8 35. Nf4 Nc7 36. h3 Ba6 37. Bxa6 Nxa6 38. Nd3 Nb8 39. g4 fxg4 40. hxg4
Nc6 41. Kg3 Ne7 42. f4 Kg6 43. Ne1 h5 44. gxh5+ Kxh5 45. Nc2 Nf5+ 46. Kf3 Nh4+
47. Kf2 Nf5 48. Kf3 Nh4+ 49. Ke2 Nf5 50. Kd3 Kg4 51. Nd4 Ng7 52. Kc3 Kg3 53. a3
Kf2 54. Kd3 Kg3 55. b4 axb4 56. axb4 Kf2 57. e4 dxe4+ 58. Kxe4 Ke1 59. Nxe6
Nxe6 60. f5 1-0

[Event "1. Bundesliga 2013/2014"]
[Site "Jenbach, Wolfsberg, St. Veit/Glan"]
[Date "2014.01.31"]
[Round "5"]
[Board "1"]
[White "Kozul, Zdenko"]
[Black "Baramidze, David"]
[Result "1/2-1/2"]
[WhiteElo "2586"]
[BlackElo "2610"]
[PlyCount "146"]
[EventDate "2013.12.06"]
[EventType "team"]
[EventRounds "11"]
[EventCountry "AUT"]
[WhiteTeam "SV Wolfsberg"]
[BlackTeam "SK Hohenems"]

1. d4 Nf6 2. c4 g6 3. Nc3 d5 4. Nf3 Bg7 5. cxd5 Nxd5 6. e4 Nxc3 7. bxc3 c5 8.
Rb1 O-O 9. Be2 cxd4 10. cxd4 Qa5+ 11. Bd2 Qxa2 12. O-O Bg4 13. Bg5 h6 14. Be3
Nc6 15. d5 Na5 16. Rb4 b6 17. e5 Bd7 18. Re1 Rfd8 19. Rd4 Bf5 20. Bd3 Bxd3 21.
Rxd3 Rac8 22. Re2 Qc4 23. h3 Qb5 24. e6 fxe6 25. Bd4 Qxd5 26. Red2 Qc4 27. Rc3
Qb4 28. Bxg7 Kxg7 29. Rxd8 Qxc3 30. Rxc8 Qxc8 31. Qd4+ Kh7 32. Qf4 Qe8 33. Ne5
Qh8 34. Ng4 Qg7 35. Qc7 Nb3 36. Kh2 e5 37. Qxa7 h5 38. Qxb6 Nd4 39. Ne3 Qf6 40.
Qb2 e4 41. Kh1 Ne6 42. Qa2 Nf4 43. Kg1 Nd3 44. Nf1 Kg7 45. Qe2 Qd4 46. Ng3 Nc5
47. Nf1 Kf6 48. Ne3 Nd3 49. Qa2 Qb2 50. Nd5+ Ke6 51. Nf4+ Kf5 52. Qxb2 Nxb2 53.
Nd5 e6 54. Ne3+ Ke5 55. Kf1 Nd3 56. g3 Nb4 57. Ke2 Nc6 58. Nc4+ Kd4 59. Nd6 Ne7
60. Nf7 Nf5 61. h4 Ne7 62. Kd2 Kd5 63. Ke2 e5 64. Ng5 Nf5 65. Nh7 e3 66. Nf8
exf2 67. Kxf2 Ne7 68. Ke3 Kc5 69. Ke4 Kd6 70. Kf3 Kd5 71. Ke3 Nf5+ 72. Kf2 Ne7
73. Ke3 Nf5+ 1/2-1/2

[Event "1. Bundesliga 2013/2014"]
[Site "Jenbach, Wolfsberg, St. Veit/Glan"]
[Date "2014.01.31"]
[Round "5"]
[Board "2"]
[White "Rozentalis, Eduardas"]
[Black "Stevic, Hrvoje"]
[Result "1-0"]
[WhiteElo "2623"]
[BlackElo "2620"]
[PlyCount "67"]
[EventDate "2013.12.06"]
[EventType "team"]
[EventRounds "11"]
[EventCountry "AUT"]
[WhiteTeam "SK Hohenems"]
[BlackTeam "SV Wolfsberg"]

1. e4 e5 2. Nf3 Nc6 3. Bb5 a6 4. Bxc6 dxc6 5. O-O Be6 6. Nxe5 Qd4 7. Nf3 Qxe4
8. Ng5 Qf5 9. Nxe6 fxe6 10. d3 Nf6 11. Nd2 O-O-O 12. Qe2 Bd6 13. Nc4 e5 14. f3
Rhe8 15. Bd2 Bc5+ 16. Kh1 Nh5 17. g3 Nf6 18. Rae1 h5 19. Bc1 Bd6 20. Qe3 Bb4
21. Rd1 b5 22. Nd2 Nd5 23. Qa7 Nb6 24. Ne4 Kd7 25. d4 Ra8 26. Qb7 Nd5 27. dxe5
Rab8 28. Qa7 Ra8 29. Qd4 Ba5 30. c4 bxc4 31. Qxc4 Bb6 32. Nc3 Qe6 33. f4 Red8
34. f5 1-0

[Event "1. Bundesliga 2013/2014"]
[Site "Jenbach, Wolfsberg, St. Veit/Glan"]
[Date "2014.01.31"]
[Round "5"]
[Board "3"]
[White "Jovanovic, Zoran"]
[Black "Bindrich, Falko"]
[Result "1/2-1/2"]
[WhiteElo "2548"]
[BlackElo "2591"]
[PlyCount "120"]
[EventDate "2013.12.06"]
[EventType "team"]
[EventRounds "11"]
[EventCountry "AUT"]
[WhiteTeam "SV Wolfsberg"]
[BlackTeam "SK Hohenems"]

1. e4 e5 2. Nf3 Nc6 3. Bc4 Nf6 4. d3 Be7 5. O-O O-O 6. Re1 d6 7. a4 Na5 8. Ba2
c5 9. Nc3 Nc6 10. Nd5 Nxd5 11. Bxd5 Kh8 12. c3 f5 13. exf5 Bxf5 14. Qe2 Bg4 15.
Qe3 Qd7 16. h3 Bf5 17. Qe2 Rae8 18. Ng5 Bxg5 19. Bxg5 Be6 20. Bf3 Rf5 21. Be3
Ref8 22. Bg4 R5f6 23. Rad1 Bxg4 24. hxg4 Qf7 25. f3 Qb3 26. Ra1 Qd5 27. Bf2 Qf7
28. Be3 h5 29. g5 Rf5 30. Qf2 Ne7 31. c4 Ng6 32. Qg3 Nf4 33. Bxf4 Rxf4 34. g6
Qf6 35. Re4 h4 36. Rxf4 hxg3 37. Rxf6 gxf6 38. Kf1 Kg7 39. Ke2 f5 40. f4 exf4
41. Kf3 Re8 42. Kxf4 Re2 43. Kg5 f4 44. Kxf4 Rxg2 45. Re1 Rd2 46. Re3 Kxg6 47.
Rxg3+ Kf6 48. b3 Ke6 49. Rg7 b6 50. Ke3 Rb2 51. Rxa7 Rxb3 52. a5 b5 53. cxb5
Rxb5 54. a6 Ra5 55. Ra8 Kd5 56. a7 Ra3 57. Kd2 Kd4 58. Rd8 Ra2+ 59. Kd1 Rxa7
60. Rxd6+ Ke5 1/2-1/2

[Event "1. Bundesliga 2013/2014"]
[Site "Jenbach, Wolfsberg, St. Veit/Glan"]
[Date "2014.01.31"]
[Round "5"]
[Board "4"]
[White "Breder, Dennis"]
[Black "Steflitsch, Erich"]
[Result "1-0"]
[WhiteElo "2478"]
[BlackElo "2355"]
[PlyCount "117"]
[EventDate "2013.12.06"]
[EventType "team"]
[EventRounds "11"]
[EventCountry "AUT"]
[WhiteTeam "SK Hohenems"]
[BlackTeam "SV Wolfsberg"]

1. e4 e6 2. d4 d5 3. Nd2 Nf6 4. e5 Nfd7 5. c3 c5 6. Bd3 Nc6 7. Ne2 cxd4 8. cxd4
f6 9. exf6 Nxf6 10. O-O Bd6 11. Nf3 O-O 12. Bf4 Bxf4 13. Nxf4 Ne4 14. Qc1 Ng5
15. Nxg5 Qxg5 16. Ne2 Qf6 17. Qd2 a6 18. Rac1 Bd7 19. Rc3 Be8 20. Bc2 Bh5 21.
f3 Rac8 22. Rc1 Be8 23. Ba4 b5 24. Bb3 Bd7 25. Rc5 Qd8 26. Bc2 Na5 27. Rxc8
Bxc8 28. b3 Bd7 29. Bb1 Nc6 30. Rc5 Qf6 31. Qc2 Nxd4 32. Qxh7+ Kf7 33. Qg6+
Qxg6 34. Bxg6+ Kxg6 35. Nxd4 Rc8 36. Rxc8 Bxc8 37. f4 Kf6 38. Kf2 e5 39. fxe5+
Kxe5 40. Ke3 Bd7 41. Nf3+ Kd6 42. b4 Bf5 43. g3 Be4 44. Nd4 Ke5 45. h4 Bg2 46.
g4 Be4 47. h5 Bg2 48. Nf3+ Ke6 49. Kf4 Bf1 50. Nd4+ Kf6 51. g5+ Kf7 52. Ke5 Bg2
53. Ne2 Bf3 54. Nf4 Kg8 55. Kd4 Kf7 56. Kc5 Kf8 57. a3 Kf7 58. h6 gxh6 59. gxh6
 1-0

[Event "1. Bundesliga 2013/2014"]
[Site "Jenbach, Wolfsberg, St. Veit/Glan"]
[Date "2014.01.31"]
[Round "5"]
[Board "5"]
[White "Hresc, Vladimir"]
[Black "Atlas, Valery"]
[Result "1-0"]
[WhiteElo "2409"]
[BlackElo "2444"]
[PlyCount "123"]
[EventDate "2013.12.06"]
[EventType "team"]
[EventRounds "11"]
[EventCountry "AUT"]
[WhiteTeam "SV Wolfsberg"]
[BlackTeam "SK Hohenems"]

1. e4 c5 2. c3 Nf6 3. e5 Nd5 4. d4 cxd4 5. Qxd4 e6 6. Bc4 Nc6 7. Qe4 f5 8. Qe2
Nb6 9. Bb3 Be7 10. Nf3 O-O 11. h4 h6 12. Bf4 Na5 13. Nbd2 Nxb3 14. Nxb3 Nd5 15.
Qd2 b6 16. O-O-O a5 17. Nbd4 a4 18. Nb5 a3 19. b3 Ra5 20. c4 Rxb5 21. cxb5 Bb4
22. Qc2 Bb7 23. Rd4 Bc3 24. Rc4 Bb2+ 25. Kd1 Nxf4 26. Rxf4 Bxf3+ 27. gxf3 Bxe5
28. Rc4 Bb2 29. Ke2 Qf6 30. f4 e5 31. Qd3 exf4 32. Qxd7 Kh7 33. Rxf4 Be5 34.
Rc4 Rd8 35. Qc6 Rd6 36. Qf3 Re6 37. Rd1 Bd4+ 38. Kf1 Re4 39. Rc6 Qf7 40. h5 Bc5
41. Rd8 Be7 42. Rd7 Qf8 43. Rcc7 Qf6 44. Rc4 Qa1+ 45. Rd1 Qe5 46. Rxe4 fxe4 47.
Re1 Qxb5+ 48. Qe2 Qxe2+ 49. Rxe2 Kg8 50. Rxe4 Kf7 51. Ke2 Kf6 52. Kf3 b5 53.
Rg4 b4 54. Ke4 Bc5 55. Rg6+ Kf7 56. f4 Bf2 57. Rc6 Be1 58. Kf5 Bc3 59. Rc7+ Kf8
60. Kg6 Bb2 61. Rb7 Bc3 62. f5 1-0

[Event "1. Bundesliga 2013/2014"]
[Site "Jenbach, Wolfsberg, St. Veit/Glan"]
[Date "2014.01.31"]
[Round "5"]
[Board "6"]
[White "Kessler, Luca"]
[Black "Reichmann, Egon"]
[Result "1-0"]
[WhiteElo "2247"]
[BlackElo "2254"]
[PlyCount "85"]
[EventDate "2013.12.06"]
[EventType "team"]
[EventRounds "11"]
[EventCountry "AUT"]
[WhiteTeam "SK Hohenems"]
[BlackTeam "SV Wolfsberg"]

1. c4 e6 2. Nf3 d5 3. g3 c6 4. Bg2 Bd6 5. d4 f5 6. O-O Nf6 7. b3 Qe7 8. a4 O-O
9. Ba3 Bxa3 10. Nxa3 a5 11. Ne5 Nbd7 12. Nd3 b6 13. Nb1 Ba6 14. Nd2 Rac8 15.
Rc1 e5 16. dxe5 Nxe5 17. Nxe5 Qxe5 18. Nf3 Qd6 19. cxd5 cxd5 20. Nd4 g6 21. Re1
Rc5 22. e3 Rfc8 23. Qd2 Kf7 24. Bf1 Ne4 25. Qb2 Bxf1 26. Rxf1 Qe5 27. Rcd1 h5
28. b4 Rc4 29. bxa5 bxa5 30. Qb7+ R8c7 31. Nf3 Qe6 32. Qa8 R7c5 33. Rb1 Rb4 34.
Rxb4 axb4 35. Qb7+ Kf6 36. Qxb4 Qc6 37. Qd4+ Ke7 38. Qg7+ Kd8 39. Nd4 Qb6 40.
Rd1 Nc3 41. Ra1 Qb2 42. Ne6+ Kc8 43. Qf8+ 1-0

[Event "1. Bundesliga 2013/2014"]
[Site "Jenbach, Wolfsberg, St. Veit/Glan"]
[Date "2014.01.31"]
[Round "5"]
[Board "1"]
[White "Ragger, Markus"]
[Black "Luther, Thomas"]
[Result "1/2-1/2"]
[WhiteElo "2644"]
[BlackElo "2571"]
[PlyCount "77"]
[EventDate "2013.12.06"]
[EventType "team"]
[EventRounds "11"]
[EventCountry "AUT"]
[WhiteTeam "Schachclub MPOE Maria Saal I"]
[BlackTeam "SK Absam"]

1. d4 e6 2. c4 Bb4+ 3. Nc3 c5 4. e3 Nf6 5. Nge2 d5 6. a3 Bxc3+ 7. Nxc3 cxd4 8.
exd4 dxc4 9. Bxc4 Nc6 10. Be3 O-O 11. O-O b6 12. Ba2 Bb7 13. Re1 Ne7 14. Bg5
Ng6 15. d5 h6 16. Bxf6 Qxf6 17. Ne4 Qxb2 18. dxe6 fxe6 19. Bxe6+ Kh8 20. Rb1
Qxa3 21. Nd6 Bxg2 22. Kxg2 Nf4+ 23. Kg1 Rf6 24. Rb3 Qc5 25. Ne4 Qc6 26. Bd7 Qb7
27. Rg3 Rf7 28. Bb5 Re7 29. Nd6 Qd5 30. Rf1 Qe5 31. Bc4 Rf8 32. Nb5 a6 33. Nd4
Rd8 34. Bxa6 Rxd4 35. Qc2 b5 36. Kh1 Qd5+ 37. f3 Qc4 38. Qb1 Qd3 39. Bxb5
 1/2-1/2

[Event "1. Bundesliga 2013/2014"]
[Site "Jenbach, Wolfsberg, St. Veit/Glan"]
[Date "2014.01.31"]
[Round "5"]
[Board "2"]
[White "Dizdar, Goran"]
[Black "Predojevic, Borki"]
[Result "1/2-1/2"]
[WhiteElo "2514"]
[BlackElo "2607"]
[PlyCount "64"]
[EventDate "2013.12.06"]
[EventType "team"]
[EventRounds "11"]
[EventCountry "AUT"]
[WhiteTeam "SK Absam"]
[BlackTeam "Schachclub MPOE Maria Saal I"]

1. Nf3 c5 2. c4 Nc6 3. Nc3 g6 4. e3 Nf6 5. d4 cxd4 6. exd4 d5 7. cxd5 Nxd5 8.
Qb3 Nxc3 9. Bc4 Nd5 10. Bxd5 e6 11. Bxc6+ bxc6 12. O-O f6 13. Bf4 Qd5 14. Rfc1
Be7 15. Rc3 g5 16. Bg3 Qxb3 17. axb3 Bb7 18. Bc7 Kf7 19. Ba5 Rac8 20. b4 Rhe8
21. Nd2 Ba6 22. Nb3 Bb5 23. Nc5 Bf8 24. Re1 h6 25. b3 Re7 26. h4 g4 27. h5 Rce8
28. Rce3 e5 29. dxe5 Rxe5 30. Rxe5 Rxe5 31. Rxe5 fxe5 32. Bc7 Bxc5 1/2-1/2

[Event "1. Bundesliga 2013/2014"]
[Site "Jenbach, Wolfsberg, St. Veit/Glan"]
[Date "2014.01.31"]
[Round "5"]
[Board "3"]
[White "Buhmann, Rainer"]
[Black "Rotstein, Arkadij"]
[Result "1/2-1/2"]
[WhiteElo "2580"]
[BlackElo "2501"]
[PlyCount "60"]
[EventDate "2013.12.06"]
[EventType "team"]
[EventRounds "11"]
[EventCountry "AUT"]
[WhiteTeam "Schachclub MPOE Maria Saal I"]
[BlackTeam "SK Absam"]

1. Nf3 d6 2. d4 Nf6 3. c4 c6 4. Nc3 Bf5 5. g3 g6 6. Bg2 Bg7 7. O-O Ne4 8. Nxe4
Bxe4 9. b3 c5 10. Be3 Qa5 11. a3 O-O 12. Ra2 Na6 13. dxc5 dxc5 14. Qc1 Rfd8 15.
Bh6 Bxh6 16. Qxh6 Bxf3 17. Bxf3 Nb4 18. Rd2 Qxa3 19. Rxd8+ Rxd8 20. Qe3 Nc6 21.
Bxc6 bxc6 22. Qxe7 Rb8 23. h4 h5 24. Qc7 Qxb3 25. Qxa7 Rb4 26. Qxc5 Qxc4 27.
Qe5 Qe4 28. Qxe4 Rxe4 29. Rc1 Rxe2 30. Rxc6 Kg7 1/2-1/2

[Event "1. Bundesliga 2013/2014"]
[Site "Jenbach, Wolfsberg, St. Veit/Glan"]
[Date "2014.01.31"]
[Round "5"]
[Board "4"]
[White "Wegerle, Joerg"]
[Black "Schachinger, Mario"]
[Result "1/2-1/2"]
[WhiteElo "2424"]
[BlackElo "2398"]
[PlyCount "100"]
[EventDate "2013.12.06"]
[EventType "team"]
[EventRounds "11"]
[EventCountry "AUT"]
[WhiteTeam "SK Absam"]
[BlackTeam "Schachclub MPOE Maria Saal I"]

1. Nf3 Nf6 2. c4 g6 3. g3 Bg7 4. Bg2 O-O 5. O-O d5 6. cxd5 Nxd5 7. Nc3 Nb6 8.
d3 Nc6 9. Be3 e5 10. Qd2 Re8 11. Rac1 Nd4 12. Bh6 Bh8 13. Ng5 Nf5 14. Nge4 Nxh6
15. Qxh6 Bg7 16. Qd2 c6 17. Nc5 Bf8 18. Nb3 a5 19. Qc2 a4 20. Nd2 Be6 21. b3
axb3 22. axb3 Nd5 23. Nc4 f6 24. Rfd1 Bb4 25. Ne4 f5 26. Qb2 Qe7 27. Ned2 Bf7
28. Nf3 Ba3 29. Nxa3 Qxa3 30. Qxa3 Rxa3 31. Nd2 Nb4 32. Nc4 Rxb3 33. Rb1 Bxc4
34. dxc4 Rxb1 35. Rxb1 c5 36. Bxb7 Rd8 37. f3 Rd4 38. Rc1 f4 39. Be4 Kf7 40.
Kf2 Kf6 41. g4 h6 42. h4 g5 43. h5 Rd2 44. Ke1 Rd6 45. Ra1 Ra6 46. Rd1 Ke7 47.
Bf5 Rd6 48. Ra1 Ra6 49. Rd1 Rd6 50. Ra1 Ra6 1/2-1/2

[Event "1. Bundesliga 2013/2014"]
[Site "Jenbach, Wolfsberg, St. Veit/Glan"]
[Date "2014.01.31"]
[Round "5"]
[Board "5"]
[White "Kreisl, Robert"]
[Black "Deglmann, Ludwig"]
[Result "1-0"]
[WhiteElo "2435"]
[BlackElo "2370"]
[PlyCount "43"]
[EventDate "2013.12.06"]
[EventType "team"]
[EventRounds "11"]
[EventCountry "AUT"]
[WhiteTeam "Schachclub MPOE Maria Saal I"]
[BlackTeam "SK Absam"]

1. d4 f5 2. c4 Nf6 3. Nc3 d6 4. Nf3 g6 5. Bf4 Bg7 6. e3 O-O 7. c5 Kh8 8. Bc4
Nh5 9. h4 dxc5 10. dxc5 Bxc3+ 11. bxc3 Qxd1+ 12. Rxd1 Nxf4 13. exf4 Nd7 14. h5
gxh5 15. Rxh5 Nf6 16. Rh3 b5 17. cxb6 axb6 18. Ne5 Ra4 19. Ng6+ Kg7 20. Nxf8
Rxc4 21. Rd8 Re4+ 22. Re3 1-0

[Event "1. Bundesliga 2013/2014"]
[Site "Jenbach, Wolfsberg, St. Veit/Glan"]
[Date "2014.01.31"]
[Round "5"]
[Board "6"]
[White "De Francesco, Klaus"]
[Black "Ertl, Johann"]
[Result "0-1"]
[WhiteElo "2231"]
[BlackElo "2261"]
[PlyCount "64"]
[EventDate "2013.12.06"]
[EventType "team"]
[EventRounds "11"]
[EventCountry "AUT"]
[WhiteTeam "SK Absam"]
[BlackTeam "Schachclub MPOE Maria Saal I"]

1. d4 Nf6 2. c4 g6 3. Nc3 Bg7 4. e4 d6 5. f3 O-O 6. Be3 c5 7. Nge2 cxd4 8. Nxd4
Nc6 9. Qd2 Qa5 10. Be2 Nxd4 11. Bxd4 Be6 12. Rc1 Rfc8 13. b3 a6 14. O-O b5 15.
cxb5 axb5 16. Qe3 b4 17. Na4 Nd7 18. Bxg7 Kxg7 19. f4 f6 20. h4 Nc5 21. e5 fxe5
22. f5 Bxf5 23. Rxf5 gxf5 24. Qg5+ Kh8 25. Qxf5 Rf8 26. Qg5 Ne4 27. Qxe7 Qa7+
28. Qxa7 Rxa7 29. Bf3 Nf6 30. Rc4 d5 31. Rxb4 Rc7 32. Rb5 e4 0-1

[Event "1. Bundesliga 2013/2014"]
[Site "Jenbach, Wolfsberg, St. Veit/Glan"]
[Date "2014.01.31"]
[Round "5"]
[Board "1"]
[White "Shengelia, David"]
[Black "Babula, Vlastimil"]
[Result "1-0"]
[WhiteElo "2547"]
[BlackElo "2566"]
[PlyCount "137"]
[EventDate "2013.12.06"]
[EventType "team"]
[EventRounds "11"]
[EventCountry "AUT"]
[WhiteTeam "SK Advisory Invest Baden"]
[BlackTeam "Union Ansfelden"]

1. d4 Nf6 2. c4 e6 3. Nf3 Bb4+ 4. Nbd2 O-O 5. a3 Be7 6. b4 a5 7. b5 c5 8. bxc6
bxc6 9. c5 d6 10. cxd6 Bxd6 11. e4 Be7 12. Qc2 c5 13. dxc5 Nfd7 14. c6 Nc5 15.
Ne5 Qc7 16. Bb2 Nxc6 17. Nd3 Nxd3+ 18. Bxd3 Rd8 19. e5 Ba6 20. Bxa6 Rxa6 21.
O-O Qb8 22. Nc4 Nd4 23. Bxd4 Rxd4 24. Rfd1 Rxd1+ 25. Rxd1 Rc6 26. Qa4 Qc7 27.
Nd6 Rc1 28. g3 Rxd1+ 29. Qxd1 Qc5 30. Qa4 Bxd6 31. exd6 Qxd6 32. Qxa5 f5 33. a4
e5 34. Qb5 g5 35. a5 g4 36. Qb7 h5 37. a6 Qd1+ 38. Kg2 h4 39. gxh4 f4 40. h5
f3+ 41. Kg3 Qg1+ 42. Kh4 Qxf2+ 43. Kxg4 Qg2+ 44. Kf5 Qh3+ 45. Kf6 Qh4+ 46. Kxe5
Qxh2+ 47. Ke6 Qh3+ 48. Ke5 Qh2+ 49. Kf5 Qxh5+ 50. Kf4 f2 51. Qg2+ Kh7 52. Qf1
Qc5 53. Kf3 Qb6 54. Kg2 Kg6 55. Qd3+ Kf6 56. Qa3 Ke6 57. a7 Qb7+ 58. Kxf2 Qa8
59. Qb3+ Kd7 60. Qb8 Qd5 61. a8=Q Qd2+ 62. Kg3 Qg5+ 63. Kf3 Qh5+ 64. Ke3 Qc5+
65. Kd3 Qf5+ 66. Qe4 Qf1+ 67. Qe2 Qf5+ 68. Kc3 Qc5+ 69. Qc4 1-0